00528nam a2200157Ia 4500082001200000100001900012245007900031260002700110300000900137650002800146650001700174650002400191650004800215700002300263710008400286 aRR.0003 aRath, Gopal C. 0aProblems of Oriya migrant workers : A study of Dadan labour :A pilot study c1988bICSSR, New Delhi a98p. aMIGRANT LABOUR - ORISSA aDADAN SYSTEM aRURAL POOR - ORISSA aEMPLOYMENT AND UNEMPLOYMENT, RURAL - ORISSA aPatro, Guru Charan aBerhampur University, P.G.Department of Industrial Relations and Labour Welfare